000 00458pab a2200169 454500
008 180718b2014 xxu||||| |||| 00| 0 eng d
100 _aMetri, Dhanappa
245 _aSignificance of continuing professional development in faculty development
260 _c2014
300 _ap.16-19,30
362 _a7 Jul
650 _aAcademic teaching personnel
650 _aProfessional personnel
773 _aUniversity News
908 _aN
909 _a105466
999 _c105461
_d105461